| 000 | 00493nam a22001697a 4500 | ||
|---|---|---|---|
| 003 | NUST - PNEC | ||
| 005 | 20170116180930.0 | ||
| 008 | 150905b xxu||||| |||| 00| 0 eng d | ||
| 020 | _a9788177580198 | ||
| 040 | _cLIBRARY | ||
| 082 | _a621.3 KER | ||
| 100 |
_98194 _aKerns, David V., Jr. |
||
| 245 |
_aEssentials of electrical and computer engineering _c David V., Jr. Kerns |
||
| 260 | _cc.2004 | ||
| 650 |
_98198 _aElectrical engineering, Computer engineering _xEE,MIS |
||
| 942 |
_2ddc _cBK |
||
| 999 |
_c65883 _d65883 |
||